000
00277nam a2200109Ia 4500
008
200302s9999 xx 000 0 und d
100
_a
Michel fox ed.
245
_a
Interact architecture adaptive world
260
_b
Princeton Architectural Press
260
_c
2016
300
_a
176
999
_c
7284
_d
7284